000 00775nam a2200277Ia 4500
001 Z_1128
003 CHAP
008 220113s1981 xx 000 0 und d
010 _a164209
040 _cCHAP
082 _a574.87 R62 1981
100 _aRobertis, Eduardo D. P. de
_997906
245 _aBiología celular y molecular /
_cpor Eduardo D. P. de Robertis y E. M. F. de Robertis
250 _a10a ed.
260 _aBuenos Aires :
_bEl Ateneo,
_c1981
300 _axxv, 613 p.
503 _aej.1: C/E (reposición) \ ej.2: 123788 \ ej.3: fotocopia
650 _aBiofísica I. Robertis, E M.F. de II. t.
_9138291
650 _aCitología
_923489
901 _a574.87 R62 1981
902 _aM
910 _a1981
942 _c1
942 _cc1
999 _c164209
_d164209